[Event "FRA-chT"]
[Site "France"]
[Date "1989.??.??"]
[Round "?"]
[White "Valentin, Rene"]
[Black "Boulanger, Thierry"]
[Result "1/2-1/2"]
[WhiteElo "1990"]
[BlackElo "1980"]
[PlyCount "63"]
[EventDate "1989.??.??"]
[EventType "team"]
[EventRounds "11"]
[EventCountry "FRA"]
[SourceTitle "TD"]
[Source "ChessBase"]
[SourceDate "1994.03.01"]
[SourceVersion "1"]
[SourceVersionDate "1994.03.01"]
[SourceQuality "1"]

1. e4 e5 2. Nf3 Nc6 3. Bb5 a6 4. Ba4 Nf6 5. 0-0 b5 6. Bb3 Bc5 7. c3 d6 8. Re1 Bb7 9. d4 Bb6 10. a4 0-0 11. Bc2 h6 12. Na3 Re8 13. d5 Ne7 14. Be3 Bxe3 15. Rxe3 Qd7 16. Qd3 Ng6 17. Nd2 Nf4 18. Qf1 c6 19. dxc6 Bxc6 20. Rd1 Rad8 21. axb5 axb5 22. c4 b4 23. Nb5 d5 24. exd5 N6xd5 25. cxd5 Bxb5 26. Nc4 Qg4 27. b3 Nxd5 28. Red3 Qe6 29. Qe1 Rd7 30. Qd2 Red8 31. Qe1 Re8 32. Qd2 1/2-1/2